[Event "Moscow Victory Day op"]
[Site "Moscow"]
[Date "2011.05.05"]
[Round "6"]
[White "Kalinin, Nikita"]
[Black "Mikhailov, Alexander B"]
[Result "1-0"]
[WhiteElo "1973"]
[BlackElo "2266"]
[PlyCount "63"]
[EventDate "2011.04.30"]
[EventType "swiss"]
[EventRounds "9"]
[EventCountry "RUS"]
[SourceTitle "CBM 142 Extra"]
[Source "ChessBase"]
[SourceDate "2011.06.27"]
[SourceVersion "1"]
[SourceVersionDate "2011.06.27"]
[SourceQuality "1"]

1. e4 c5 2. Nf3 e6 3. d4 cxd4 4. Nxd4 Nf6 5. Nc3 d6 6. g4 Nc6 7. g5 Nd7 8. Be3 Be7 9. h4 0-0 10. Qd2 a6 11. 0-0-0 Nxd4 12. Bxd4 b5 13. Bg2 b4 14. Ne2 a5 15. Kb1 Bb7 16. f4 Qc7 17. Ng3 Rfc8 18. f5 e5 19. Be3 Bf8 20. f6 g6 21. h5 a4 22. hxg6 fxg6 23. Bh3 Re8 24. Rdf1 Nxf6 25. gxf6 Qf7 26. Bd7 d5 27. Bxe8 Rxe8 28. Rxh7 Kxh7 29. Qh2+ Kg8 30. Rh1 Bg7 31. Qh7+ Kf8 32. fxg7+ 1-0

[Event "Moscow-ch sf"]
[Site "Moscow"]
[Date "2010.03.13"]
[Round "5"]
[White "Mikhailov, Alexander B"]
[Black "Munguntuul, Batkhuyag"]
[Result "1-0"]
[WhiteElo "2258"]
[BlackElo "2261"]
[PlyCount "121"]
[EventDate "2010.03.06"]
[EventType "swiss"]
[EventRounds "9"]
[EventCountry "RUS"]
[SourceTitle "CBM 135 Extra"]
[Source "ChessBase"]
[SourceDate "2010.05.04"]
[SourceVersion "1"]
[SourceVersionDate "2010.05.04"]
[SourceQuality "1"]

1. Nf3 d5 2. c4 e6 3. g3 Nf6 4. Bg2 Bd6 5. d4 c6 6. b3 0-0 7. 0-0 Nbd7 8. Bb2 Qe7 9. Nbd2 Ne4 10. Nxe4 dxe4 11. Ne5 f5 12. f3 Nxe5 13. dxe5 Bc5+ 14. Kh1 e3 15. Bd4 f4 16. gxf4 Rxf4 17. Bxc5 Qxc5 18. Qd8+ Rf8 19. Qd6 Qxd6 20. exd6 e5 21. Rfd1 Bf5 22. Rac1 b6 23. Rc3 Rf6 24. Rxe3 Rd8 25. Rxe5 Rdxd6 26. Rxd6 Rxd6 27. Kg1 Bb1 28. a3 Ba2 29. Re3 Rd1+ 30. Kf2 Rb1 31. f4 Bxb3 32. Bxc6 Bxc4 33. Re7 Rb2 34. a4 a6 35. Kf3 b5 36. axb5 axb5 37. h4 b4 38. e4 Rb3+ 39. Kg4 Rc3 40. Kf5 Kf8 41. Rb7 Be6+ 42. Kxe6 Rxc6+ 43. Kd5 Rh6 44. f5 Rxh4 45. e5 h5 46. Ke6 Kg8 47. f6 gxf6 48. Rb8+ Kh7 49. exf6 Re4+ 50. Kf5 Re1 51. f7 Rf1+ 52. Ke6 Kg7 53. Rg8+ Kh6 54. f8Q+ Rxf8 55. Rxf8 Kg5 56. Ke5 Kg4 57. Ke4 b3 58. Rg8+ Kh3 59. Kf3 h4 60. Rb8 b2 61. Kf2 1-0

[Event "Moscow op-B"]
[Site "Moscow"]
[Date "2009.02.08"]
[Round "9"]
[White "Sinelnikov, Igor"]
[Black "Mikhailov, Alexander B"]
[Result "1-0"]
[WhiteElo "2158"]
[BlackElo "2227"]
[PlyCount "95"]
[EventDate "2009.01.31"]
[EventType "swiss"]
[EventRounds "9"]
[EventCountry "RUS"]
[SourceTitle "EXT 2012"]
[Source "ChessBase"]
[SourceDate "2011.11.24"]
[SourceVersion "1"]
[SourceVersionDate "2011.11.24"]
[SourceQuality "1"]

1. e4 c5 2. Nc3 e6 3. g3 d5 4. exd5 exd5 5. d4 Nf6 6. Bg2 cxd4 7. Qxd4 Nc6 8. Qd3 d4 9. Nb5 Bc5 10. Bf4 0-0 11. 0-0-0 Bg4 12. Ne2 a6 13. Nc7 Rc8 14. Bxc6 bxc6 15. f3 Bh5 16. Nxa6 Bb6 17. Bg5 h6 18. Bxf6 Qxf6 19. Nf4 Bg6 20. Nxg6 Qxg6 21. Nb4 Qh5 22. Qb3 Ba5 23. Rxd4 Rb8 24. a3 Qg6 25. Rhd1 c5 26. Rd6 Qg5+ 27. f4 Qg4 28. Qa4 Bxb4 29. axb4 cxb4 30. Kb1 b3 31. cxb3 Qf5+ 32. Ka2 Ra8 33. Ra6 Rxa6 34. Qxa6 Qe4 35. Rd7 Qg2 36. b4 Qxh2 37. Qd3 Qf2 38. Rd8 g6 39. Rxf8+ Kxf8 40. b5 Qc5 41. Qa3 Qxa3+ 42. bxa3 Ke7 43. Kb3 Kd6 44. Kc4 f6 45. Kd4 f5 46. a4 g5 47. fxg5 hxg5 48. a5 1-0

[Event "Moscow op-B"]
[Site "Moscow"]
[Date "2009.02.04"]
[Round "5"]
[White "Lisinov, Viacheslav"]
[Black "Mikhailov, Alexander B"]
[Result "0-1"]
[WhiteElo "2129"]
[BlackElo "2227"]
[PlyCount "92"]
[EventDate "2009.01.31"]
[EventType "swiss"]
[EventRounds "9"]
[EventCountry "RUS"]
[SourceTitle "EXT 2012"]
[Source "ChessBase"]
[SourceDate "2011.11.24"]
[SourceVersion "1"]
[SourceVersionDate "2011.11.24"]
[SourceQuality "1"]

1. e4 c5 2. c3 Nf6 3. e5 Nd5 4. g3 d6 5. exd6 e6 6. Bg2 Bxd6 7. Nf3 Nc6 8. d4 0-0 9. 0-0 Qc7 10. Na3 a6 11. Nc4 Be7 12. Ne3 Nf6 13. a4 Rd8 14. Qc2 cxd4 15. Nxd4 Nxd4 16. cxd4 Qxc2 17. Nxc2 Rb8 18. Bf4 Bd6 19. Bd2 b6 20. Nb4 Bxb4 21. Bxb4 Bb7 22. Rac1 Bxg2 23. Kxg2 Rxd4 24. Ba3 Rxa4 25. Rc6 Nd5 26. Rfc1 h6 27. Bd6 Rb7 28. b3 Ra2 29. Be5 Ra3 30. Rc8+ Kh7 31. Ra8 Rxb3 32. Rcc8 a5 33. h4 h5 34. g4 hxg4 35. h5 Kh6 36. Rh8+ Kg5 37. Bxg7 Nf4+ 38. Kh2 Rh3+ 39. Kg1 Rxh5 40. Rhg8 Kf5 41. Bb2 Rd7 42. Rad8 Rxd8 43. Rxd8 Nd5 44. Kg2 Rh3 45. Bd4 Nf4+ 46. Kg1 Ne2+ 0-1

[Event "Moscow op-B"]
[Site "Moscow"]
[Date "2009.02.03"]
[Round "4"]
[White "Mikhailov, Alexander B"]
[Black "Gabdrakipov, Ilshat"]
[Result "1/2-1/2"]
[WhiteElo "2227"]
[BlackElo "1400"]
[PlyCount "122"]
[EventDate "2009.01.31"]
[EventType "swiss"]
[EventRounds "9"]
[EventCountry "RUS"]
[SourceTitle "EXT 2012"]
[Source "ChessBase"]
[SourceDate "2011.11.24"]
[SourceVersion "1"]
[SourceVersionDate "2011.11.24"]
[SourceQuality "1"]

1. Nf3 d5 2. c4 c6 3. g3 Nf6 4. Bg2 Bg4 5. Ne5 Bh5 6. cxd5 Nxd5 7. d4 e6 8. g4 f6 9. e4 Bb4+ 10. Kf1 fxe5 11. exd5 Bg6 12. Qb3 Qb6 13. dxc6 Nxc6 14. Qxe6+ Be7 15. Bg5 Bd3+ 16. Kg1 Qb4 17. Bxc6+ bxc6 18. Nc3 Qd6 19. Qxe7+ Qxe7 20. Bxe7 exd4 21. Rd1 dxc3 22. Rxd3 cxb2 23. Rb3 Kxe7 24. Rxb2 Rab8 25. Re2+ Kd7 26. Kg2 Rhe8 27. Rd1+ Kc7 28. Rc2 Rb4 29. h3 Re6 30. Rd3 Rd6 31. Re3 Rb5 32. f4 g6 33. Kg3 Rbd5 34. Kf3 c5 35. Re7+ Rd7 36. Rxd7+ Kxd7 37. Ke4 Kd6 38. Rc4 Rd2 39. Ra4 Re2+ 40. Kd3 Re7 41. h4 Kd5 42. h5 gxh5 43. gxh5 Rg7 44. h6 Rg3+ 45. Kd2 Rh3 46. Rxa7 Rxh6 47. a4 Rh2+ 48. Ke3 Rh3+ 49. Kd2 h5 50. a5 h4 51. a6 Ra3 52. Rh7 Rxa6 53. Rxh4 Ra3 54. Rh8 Rf3 55. Rf8 Kd4 56. f5 Rf2+ 57. Ke1 Rf4 58. f6 Kc3 59. f7 c4 60. Ke2 Kc2 61. Rc8 Rxf7 1/2-1/2

[Event "Moscow op-B"]
[Site "Moscow"]
[Date "2009.02.01"]
[Round "2"]
[White "Mikhailov, Alexander B"]
[Black "Leonov, Dmitry2222"]
[Result "1-0"]
[WhiteElo "2227"]
[BlackElo "1892"]
[PlyCount "107"]
[EventDate "2009.01.31"]
[EventType "swiss"]
[EventRounds "9"]
[EventCountry "RUS"]
[SourceTitle "EXT 2012"]
[Source "ChessBase"]
[SourceDate "2011.11.24"]
[SourceVersion "1"]
[SourceVersionDate "2011.11.24"]
[SourceQuality "1"]

1. Nf3 Nf6 2. c4 e6 3. g3 d5 4. Bg2 dxc4 5. Qa4+ Qd7 6. Qxc4 Qc6 7. b3 Bd7 8. 0-0 Qxc4 9. bxc4 Bc6 10. Nc3 a6 11. Rb1 Nbd7 12. d4 0-0-0 13. Ng5 Bxg2 14. Kxg2 Re8 15. Nxf7 Rg8 16. f4 Be7 17. Ng5 Bf8 18. e4 h6 19. Nf3 c5 20. e5 Nh7 21. d5 exd5 22. cxd5 b5 23. d6 g5 24. Kh1 gxf4 25. gxf4 h5 26. Nd5 Kb7 27. Re1 Kc6 28. Nc7 Rb8 29. Be3 Rb6 30. Rbc1 Bxd6 31. exd6 Kxd6 32. Ne8+ Rxe8 33. Bxc5+ Nxc5 34. Rxe8 Nf6 35. Rd1+ Kc7 36. Re7+ Kc8 37. Ng5 Ng4 38. Rd5 Nf2+ 39. Kg1 Ncd3 40. Rf5 Rd6 41. Rf8+ Rd8 42. Rxd8+ Kxd8 43. Re2 a5 44. Rxf2 Nxf2 45. Kxf2 Ke7 46. Ke3 Kf6 47. Ne4+ Ke6 48. Nc3 b4 49. Na4 Kd5 50. Kd3 Ke6 51. Ke4 Kf6 52. h4 Ke6 53. f5+ Kf7 54. Ke5 1-0